[Event "Pardubice Region-chT 2223"]
[Site "Czech Republic"]
[Date "2023.03.19"]
[Round "10.7"]
[White "Sedlak, Jakub1111"]
[Black "Cech, Martin"]
[Result "0-1"]
[WhiteElo "1376"]
[BlackElo "1708"]
[PlyCount "58"]
[EventDate "2022.10.09"]
[EventType "team-tourn"]
[EventRounds "11"]
[EventCountry "CZE"]
[SourceTitle "EXT 2024"]
[Source "ChessBase"]
[SourceDate "2023.10.10"]
[SourceVersion "1"]
[SourceVersionDate "2023.10.10"]
[SourceQuality "1"]

1. e4 e5 2. Nf3 Nf6 3. Nc3 Nc6 4. Bc4 Bc5 5. d3 d6 6. h3 Be6 7. Bb3 0-0 8. Bg5 h6 9. Bh4 Bb4 10. 0-0 a6 11. Nd5 Bxd5 12. Bxd5 Rb8 13. c3 Ba5 14. Bxc6 bxc6 15. Qa4 Bb6 16. Qxc6 g5 17. Bg3 Re8 18. Rab1 Qc8 19. Nxe5 Re6 20. Nc4 Ba7 21. Ne3 Nh5 22. Bh2 Nf4 23. Bxf4 gxf4 24. Nd5 f3 25. Qxc7 Qxc7 26. Nxc7 Rg6 27. g3 Rxg3+ 28. Kh1 Rxh3+ 29. Kg1 Kh8 0-1